2 [i.e. Segunda] Bienal de Cerámica Utilitaria (Record no. 387)

MARC details
000 -CABECERA
campo de control de longitud fija 00660nam a2200193 a 4500
001 - NÚMERO DE CONTROL
campo de control BRCA_452
003 - IDENTIFICADOR DEL NÚMERO DE CONTROL
campo de control FranzMayer
005 - FECHA Y HORA DE LA ÚLTIMA TRANSACCIÓN
campo de control 20230918125912.0
008 - DATOS DE LONGITUD FIJA--INFORMACIÓN GENERAL
campo de control de longitud fija 041207s2005----mx-a---###---#000-0#spa-#
040 ## - FUENTE DE LA CATALOGACIÓN
Centro/agencia transcriptor mfm
050 #4 - SIGNATURA TOPOGRÁFICA DE LA BIBLIOTECA DEL CONGRESO
Número de clasificación NK4031
Número de documento/Ítem .B54 2
245 10 - MENCIÓN DE TÍTULO
Título 2 [i.e. Segunda] Bienal de Cerámica Utilitaria
Resto del título Museo Franz Mayer.
260 ## - PUBLICACIÓN, DISTRIBUCIÓN, ETC.
Lugar de publicación, distribución, etc. México
Nombre del editor, distribuidor, etc. Museo Franz Mayer
Fecha de publicación, distribución, etc. 2005
300 ## - DESCRIPCIÓN FÍSICA
Extensión 57 p.
Otras características físicas il. a color
Dimensiones 22 cm.
500 ## - NOTA GENERAL
Nota general Un ejemplar en Anexo 1
500 ## - NOTA GENERAL
Nota general Catálogo de la exposición realizada en el Museo Franz Mayer (Ciudad de México), 24 febrero - 22 mayo, 2005
650 14 - PUNTO DE ACCESO ADICIONAL DE MATERIA--TÉRMINO DE MATERIA
Término de materia o nombre geográfico como elemento de entrada Cerámica mexicana
Subdivisión de forma Exposiciones
Subdivisión cronológica Siglo XXI
9 (RLIN) 1553
942 ## - ELEMENTOS DE PUNTO DE ACCESO ADICIONAL (KOHA)
Fuente del sistema de clasificación o colocación Library of Congress Classification
Tipo de ítem Koha Libros
Holdings
Estado de retiro Estado de pérdida Estado dañado No para préstamo Localización permanente Ubicación/localización actual Fecha de adquisición Total de préstamos Signatura topográfica completa Código de barras Fecha visto por última vez Precio válido a partir de Tipo de ítem Koha Fuente del sistema de clasificación o colocación Código de colección
El ejemplar forma parte de la colección y puede ser consultado según las políticas vigentes.       Biblioteca del Museo Franz Mayer (Rogerio Casas-Alatriste) Biblioteca del Museo Franz Mayer (Rogerio Casas-Alatriste) 25/06/2008   NK4031 .B54 2 2005 00752 22/03/2019 22/03/2019 Libros    
El ejemplar forma parte de la colección y puede ser consultado según las políticas vigentes.       Biblioteca del Museo Franz Mayer (Rogerio Casas-Alatriste) Biblioteca del Museo Franz Mayer (Rogerio Casas-Alatriste) 04/09/2023   NK4031 .B54 2003 CONT10185 04/09/2023 04/09/2023 Libros Library of Congress Classification Fondo Contemporáneo